Statistiques concernant Arrêts de la ligne 33 de Lyon (TCL)

Cliquez ici pour prendre le quiz!

Statistiques générales

  • Ce quiz a été pris 7 fois
  • Le résultat moyen est 27 sur 39

Statistiques - réponses

ArrondissementArrêt% Correct
Lyon 1er/4eCroix-Rousse
100%
Sathonay-CampSathonay Gare
100%
Caluire-et-CuireAndré Lassagne
80%
Caluire-et-CuireBois Roux
80%
Caluire-et-CuireCaluire Centre
80%
Caluire-et-CuireCaluire Hôtel de Ville Radiant
80%
Caluire-et-CuireCaluire Place de la Bascule
80%
Caluire-et-CuireCèdres
80%
Caluire-et-CuireCuire
80%
Caluire-et-CuireDépôt de Cuire
80%
Lyon 4eHénon
80%
Caluire-et-CuireHôpital Croix-Rousse
80%
Caluire-et-CuireJamen Grand
80%
Caluire-et-CuireMarronniers
80%
Rillieux-la-PapePaul Chevalier
80%
Lyon 4ePlace des Tapis
80%
Rillieux-la-PapePolyclinique de Rillieux
80%
Rillieux-la-PapeRillieux les Alagniers
80%
Rillieux-la-PapeRillieux Salignat
80%
Sathonay-CampSathonay Mairie
80%
Caluire-et-CuireStade Henri Cochet
80%
Rochetaillée-sur-Saône8 Mai - Parc du Roy
60%
Sathonay-CampCamp Militaire
60%
Rochetaillée-sur-SaôneCurie
60%
Rillieux-la-PapeGenevrey
60%
Rillieux-la-PapeLa Roue
60%
Caluire-et-CuireLe Vernay
60%
Fontaines-sur-SaôneMontgay Ampère
60%
Lyon 4eRésidence E. Charret
60%
Rillieux-la-PapeRillieux Industrie
60%
Sathonay-CampSathonay Drapeau
60%
Sathonay-CampSathonay Mutualité
60%
Rillieux-la-PapeZac des Marronniers
60%
Rillieux-la-PapeCharles de Gaulle
40%
Caluire-et-CuireHauts de la Rochette
40%
Caluire-et-CuireLe Parc Brunier
40%
Rochetaillée-sur-SaôneLes Bruyères
40%
Lyon 4eLes Canuts
40%
Fontaines-sur-SaôneChemin de Montgay
20%

Distribution des résultats

Percentile par nombre de réponses

% des personnes avec chaque résultat

Votre développement - résultats

Vous n’avez pas pris ce quiz